[Event "Zuoz Engiadina op 24th"]
[Site "Zuoz"]
[Date "2017.10.09"]
[Round "3"]
[White "Mueller, Werner"]
[Black "Schweizer, Robert"]
[Result "1-0"]
[WhiteElo "2062"]
[BlackElo "1869"]
[PlyCount "63"]
[EventDate "2017.10.07"]
[EventType "swiss"]
[EventRounds "7"]
[EventCountry "SUI"]
[SourceTitle "CBM 181 Extra"]
[Source "ChessBase"]
[SourceDate "2017.12.12"]
[SourceVersion "1"]
[SourceVersionDate "2017.12.12"]
[SourceQuality "1"]

1. e4 c5 2. Nc3 e6 3. Nf3 a6 4. d4 cxd4 5. Nxd4 Nc6 6. g3 Bb4 7. Bg2 d5 8. exd5 Bxc3+ 9. bxc3 exd5 10. 0-0 Nge7 11. c4 0-0 12. cxd5 Nxd5 13. Nxc6 bxc6 14. Ba3 Re8 15. c4 Qa5 16. Qb3 Nc3 17. Rfe1 Ne2+ 18. Kf1 Bg4 19. Rab1 Nd4 20. Qd3 Red8 21. Bb2 Nf3 22. Qe3 Nxe1 23. Rxe1 Be6 24. Bxc6 Bxc4+ 25. Kg1 Bd5 26. Bxa8 Be6 27. Bg2 Qxa2 28. Qe5 f6 29. Qxe6+ Qxe6 30. Rxe6 Rd1+ 31. Bf1 a5 32. Ra6 1-0

[Event "Liechtenstein Seniors op"]
[Site "Triesen"]
[Date "2014.05.30"]
[Round "8"]
[White "Schweizer, Robert"]
[Black "Reuben, Stewart"]
[Result "1/2-1/2"]
[WhiteElo "1893"]
[BlackElo "2051"]
[PlyCount "56"]
[EventDate "2014.05.23"]
[EventType "swiss"]
[EventRounds "9"]
[EventCountry "LIE"]
[SourceTitle "CBM 160 Extra"]
[Source "ChessBase"]
[SourceDate "2014.07.01"]
[SourceVersion "1"]
[SourceVersionDate "2014.07.01"]
[SourceQuality "1"]

1. d4 Nf6 2. Nf3 c5 3. d5 e6 4. c4 b5 5. dxe6 fxe6 6. b3 bxc4 7. bxc4 Nc6 8. e3 Be7 9. Nc3 0-0 10. e4 d6 11. Be2 e5 12. 0-0 Nd4 13. Bg5 Be6 14. Bxf6 Bxf6 15. Nd5 Rb8 16. Nxd4 cxd4 17. Qc2 Rf7 18. Rab1 Rfb7 19. Rxb7 Rxb7 20. Rb1 Qb8 21. Rxb7 Qxb7 22. Qb3 Bxd5 23. cxd5 Qxb3 24. axb3 Kf8 25. Kf1 Ke7 26. Ke1 Kd7 27. Kd2 Kc7 28. Kd3 Kb6 1/2-1/2

[Event "Liechtenstein Seniors op"]
[Site "Triesen"]
[Date "2014.05.26"]
[Round "4"]
[White "Norman, Kenneth I"]
[Black "Schweizer, Robert"]
[Result "1-0"]
[WhiteElo "2156"]
[BlackElo "1893"]
[PlyCount "97"]
[EventDate "2014.05.23"]
[EventType "swiss"]
[EventRounds "9"]
[EventCountry "LIE"]
[SourceTitle "CBM 160 Extra"]
[Source "ChessBase"]
[SourceDate "2014.07.01"]
[SourceVersion "1"]
[SourceVersionDate "2014.07.01"]
[SourceQuality "1"]

1. Nf3 Nf6 2. c4 c5 3. Nc3 Nc6 4. d4 cxd4 5. Nxd4 g6 6. e4 d6 7. Be2 Bg7 8. Be3 Nxd4 9. Bxd4 0-0 10. 0-0 Be6 11. Rc1 Rc8 12. b3 b6 13. f3 Nd7 14. Be3 f5 15. exf5 Bxf5 16. Qd2 Nf6 17. Rfd1 Bd7 18. Bf1 Bc6 19. Re1 Rc7 20. Rcd1 Qa8 21. a4 Rd7 22. Bg5 Qb7 23. Nd5 Bxd5 24. cxd5 Rc8 25. Bb5 Rdc7 26. Bc6 Qb8 27. Re6 a6 28. Rde1 b5 29. axb5 axb5 30. Qe3 Bf8 31. Bxf6 exf6 32. Rxf6 Qa7 33. Qxa7 Rxa7 34. Bxb5 Rc2 35. Re8 Rf7 36. Rfe6 Ra7 37. Re2 Raa2 38. Kf2 Rxe2+ 39. Rxe2 Rxe2+ 40. Kxe2 Kf7 41. Kd3 Ke7 42. f4 Kf6 43. Ke4 Be7 44. g4 g5 45. Bd7 Bd8 46. b4 Bb6 47. h3 Bf2 48. Bf5 h6 49. Be6 1-0

[Event "Zuerich op-B 34th"]
[Site "Zuerich"]
[Date "2010.12.27"]
[Round "2"]
[White "Klaus, Ingo"]
[Black "Schweizer, Robert"]
[Result "1-0"]
[WhiteElo "2043"]
[BlackElo "1856"]
[PlyCount "81"]
[EventDate "2010.12.26"]
[EventType "swiss"]
[EventRounds "7"]
[EventCountry "SUI"]
[SourceTitle "CBM 140 Extra"]
[Source "ChessBase"]
[SourceDate "2011.03.01"]
[SourceVersion "1"]
[SourceVersionDate "2011.03.01"]
[SourceQuality "1"]

1. e4 c5 2. Nf3 d6 3. Bb5+ Bd7 4. a4 a6 5. Bxd7+ Nxd7 6. a5 Ngf6 7. d3 b5 8. axb6 Qxb6 9. Nbd2 g6 10. Nc4 Qc7 11. Bd2 Bg7 12. 0-0 0-0 13. Ba5 Qc6 14. h3 Ne8 15. Ra2 Nc7 16. Qe2 Ne6 17. Rfa1 Ra7 18. Bd2 Rfa8 19. Qe1 Nd4 20. Nxd4 Bxd4 21. Bc3 Bxc3 22. Qxc3 Nb6 23. Ne3 e5 24. Ra5 Qc7 25. R1a2 h5 26. b3 Kg7 27. f4 f6 28. fxe5 fxe5 29. Qe1 Qf7 30. Ra1 Qb7 31. Qg3 Kh7 32. Rf1 Qg7 33. Rfa1 Qf7 34. Qe1 Qb7 35. Qd2 Kg7 36. b4 c4 37. Nxc4 Nxc4 38. dxc4 Qxe4 39. Qxd6 Qe3+ 40. Kh1 Rf7 41. Qxe5+ 1-0

[Event "Zuerich Seniors op 08th"]
[Site "Zuerich"]
[Date "2010.02.04"]
[Round "9"]
[White "Schweizer, Robert"]
[Black "Finger, Rene"]
[Result "1/2-1/2"]
[WhiteElo "1963"]
[BlackElo "1990"]
[PlyCount "49"]
[EventDate "2010.01.25"]
[EventType "swiss"]
[EventRounds "9"]
[EventCountry "SUI"]
[SourceTitle "EXT 2022"]
[Source "ChessBase"]
[SourceDate "2021.10.06"]
[SourceVersion "1"]
[SourceVersionDate "2021.10.06"]
[SourceQuality "1"]

1. d4 d5 2. c4 dxc4 3. e3 e5 4. Bxc4 exd4 5. exd4 Bd6 6. Nf3 Nf6 7. 0-0 0-0 8. Nc3 Bg4 9. Bg5 Nc6 10. Be2 h6 11. Be3 Re8 12. Qd2 Qd7 13. Rfd1 Rad8 14. Rac1 a6 15. a3 Qf5 16. Ne1 Bxe2 17. Qxe2 Ng4 18. Nf3 Qh5 19. h3 Nxe3 20. fxe3 Bf4 21. Rd3 Qg6 22. Rcd1 Na5 23. e4 Nc4 24. Nh2 Nd6 25. e5 1/2-1/2

[Event "Zuerich Seniors op 08th"]
[Site "Zuerich"]
[Date "2010.02.03"]
[Round "8"]
[White "Capraro, Linus"]
[Black "Schweizer, Robert"]
[Result "1/2-1/2"]
[WhiteElo "1983"]
[BlackElo "1963"]
[PlyCount "75"]
[EventDate "2010.01.25"]
[EventType "swiss"]
[EventRounds "9"]
[EventCountry "SUI"]
[SourceTitle "EXT 2022"]
[Source "ChessBase"]
[SourceDate "2021.10.06"]
[SourceVersion "1"]
[SourceVersionDate "2021.10.06"]
[SourceQuality "1"]

1. e4 c5 2. Nf3 d6 3. d3 Nf6 4. g3 Nc6 5. c3 g6 6. Bg2 Bg7 7. 0-0 0-0 8. Re1 Bd7 9. Nbd2 Rc8 10. Nf1 b5 11. Bd2 a5 12. a3 b4 13. d4 bxc3 14. bxc3 cxd4 15. cxd4 d5 16. e5 Ne4 17. Ne3 Nxd2 18. Qxd2 e6 19. h4 h6 20. Nd1 a4 21. Qe3 Na5 22. Nd2 Qc7 23. Nb2 Qc3 24. Nd3 Nc4 25. Nxc4 dxc4 26. Nc5 Qxe3 27. Rxe3 Bb5 28. Rb1 Rb8 29. Nb7 Ba6 30. Rb4 Bxb7 31. Bxb7 Rfd8 32. Bc6 Rxb4 33. axb4 Rxd4 34. Bxa4 c3 35. Rxc3 Bxe5 36. Rc8+ Kg7 37. Bc2 Rxb4 38. Kf1 1/2-1/2

[Event "Zuerich Seniors op 08th"]
[Site "Zuerich"]
[Date "2010.02.01"]
[Round "6"]
[White "Burkhardt, Bernhard"]
[Black "Schweizer, Robert"]
[Result "0-1"]
[WhiteElo "1948"]
[BlackElo "1963"]
[PlyCount "55"]
[EventDate "2010.01.25"]
[EventType "swiss"]
[EventRounds "9"]
[EventCountry "SUI"]
[SourceTitle "EXT 2022"]
[Source "ChessBase"]
[SourceDate "2021.10.06"]
[SourceVersion "1"]
[SourceVersionDate "2021.10.06"]
[SourceQuality "1"]

1. e4 c5 2. Nf3 Nc6 3. d4 cxd4 4. Nxd4 Qb6 5. Nb3 Nf6 6. Be3 Qb4+ 7. N1d2 Nxe4 8. a3 Qa4 9. Bd3 Nxd2 10. Bxd2 Ne5 11. Be2 Qc6 12. 0-0 d6 13. Nd4 Qc7 14. b3 g6 15. c4 Bg7 16. Rc1 0-0 17. h4 h5 18. Nb5 Qd7 19. Nc3 b6 20. Re1 Bb7 21. Bf4 Nc6 22. Qd2 Nd4 23. Bd1 Nf5 24. g3 Qc6 25. Qd5 Qd7 26. Qd3 Nd4 27. Bg5 Qh3 28. Qf1 0-1

[Event "Zuerich op-B 32nd"]
[Site "Zuerich"]
[Date "2008.12.27"]
[Round "3"]
[White "Ibric, Ferid"]
[Black "Schweizer, Robert"]
[Result "1-0"]
[WhiteElo "1996"]
[BlackElo "1850"]
[PlyCount "49"]
[EventDate "2008.12.26"]
[EventType "swiss"]
[EventRounds "7"]
[EventCountry "SUI"]
[SourceTitle "CBM 127 Extra"]
[Source "ChessBase"]
[SourceDate "2009.01.08"]
[SourceVersion "2"]
[SourceVersionDate "2009.01.28"]
[SourceQuality "1"]

1. e4 c5 2. Nf3 e6 3. d4 cxd4 4. Nxd4 Nc6 5. Nb5 d6 6. Bf4 e5 7. Be3 Nf6 8. Bg5 a6 9. Bxf6 gxf6 10. N5a3 b5 11. c3 Be6 12. Nc2 Qc7 13. Ne3 Ne7 14. a4 Rb8 15. axb5 axb5 16. Na3 Qc5 17. Qd3 b4 18. Nac4 Nc6 19. Rd1 bxc3 20. bxc3 Bxc4 21. Qxc4 Qxc4 22. Bxc4 Be7 23. 0-0 0-0 24. Nf5 Rbd8 25. Bd5 1-0

[Event "Winterthur op"]
[Site "Winterthur"]
[Date "2007.10.05"]
[Round "1"]
[White "Kelecevic, Nedeljko"]
[Black "Schweizer, Robert"]
[Result "1-0"]
[WhiteElo "2387"]
[BlackElo "1957"]
[PlyCount "57"]
[EventDate "2007.10.05"]
[EventType "swiss"]
[EventRounds "9"]
[EventCountry "SUI"]
[SourceTitle "CBM 120 Extra"]
[Source "ChessBase"]
[SourceDate "2007.11.01"]
[SourceVersion "1"]
[SourceVersionDate "2007.11.01"]
[SourceQuality "1"]

1. e4 c5 2. Nf3 Nc6 3. d4 cxd4 4. Nxd4 Nf6 5. Nc3 d6 6. Bc4 e6 7. Be3 Be7 8. Qe2 Bd7 9. 0-0-0 a6 10. Bb3 Qc7 11. g4 Nxd4 12. Rxd4 Bc6 13. g5 Nd7 14. Rg1 Nc5 15. Kb1 b5 16. f3 0-0 17. f4 Rfb8 18. f5 b4 19. fxe6 fxe6 20. Nd1 Nxb3 21. cxb3 Bb5 22. Qd2 e5 23. Rxb4 Kh8 24. Nc3 Bc6 25. Nd5 Bxd5 26. Qxd5 Rf8 27. Rb7 Qd8 28. Qe6 Re8 29. Rd7 1-0

[Event "SUI-ch Seniors"]
[Site "Leukerbad"]
[Date "2007.??.??"]
[Round "2"]
[White "Schweizer, Robert"]
[Black "Illi, Hans Joerg"]
[Result "0-1"]
[WhiteElo "1972"]
[BlackElo "2175"]
[PlyCount "66"]
[EventDate "2007.07.??"]
[EventType "swiss"]
[EventRounds "9"]
[EventCountry "SUI"]
[SourceTitle "EXT 2010"]
[Source "ChessBase"]
[SourceDate "2010.11.25"]
[SourceVersion "1"]
[SourceVersionDate "2010.11.25"]
[SourceQuality "1"]

1. d4 Nf6 2. c4 e6 3. Nf3 Bb4+ 4. Bd2 Qe7 5. Qc2 Nc6 6. a3 Bxd2+ 7. Nbxd2 d6 8. e4 e5 9. d5 Nb8 10. b4 0-0 11. Bd3 Nxe4 12. Nxe4 f5 13. 0-0 fxe4 14. Bxe4 g6 15. c5 Bf5 16. Rac1 Bxe4 17. Qxe4 a5 18. Rfe1 axb4 19. axb4 Ra4 20. Rc4 Na6 21. cxd6 cxd6 22. Qg4 b5 23. Rce4 Nc7 24. h4 Nxd5 25. h5 Nf6 26. Qg5 Qg7 27. h6 Qf7 28. Rh4 Ra2 29. Qe3 Nd5 30. Qd3 Nf4 31. Qxd6 Nxg2 32. Qxe5 Nxh4 33. Nxh4 Qxf2+ 0-1

[Event "Zuerich Seniors op 05th"]
[Site "Zuerich"]
[Date "2007.??.??"]
[Round "?"]
[White "Schweizer, Robert"]
[Black "Steiner, Paul"]
[Result "0-1"]
[WhiteElo "1904"]
[BlackElo "2035"]
[PlyCount "86"]
[EventDate "2007.01.22"]
[EventType "swiss"]
[EventRounds "9"]
[EventCountry "SUI"]
[SourceTitle "EXT 2022"]
[Source "ChessBase"]
[SourceDate "2021.10.06"]
[SourceVersion "1"]
[SourceVersionDate "2021.10.06"]
[SourceQuality "1"]

1. e4 c5 2. Nf3 e6 3. d4 cxd4 4. Nxd4 Nf6 5. Nc3 Bb4 6. Bd3 d6 7. Bd2 0-0 8. Nb3 Nc6 9. a3 Bxc3 10. Bxc3 e5 11. 0-0 Be6 12. Kh1 Rc8 13. f4 Ng4 14. f5 Qh4 15. h3 Ne3 16. Qe1 Qg5 17. Rf2 Bxb3 18. cxb3 Qg3 19. Re2 Nxf5 20. Qxg3 Nxg3+ 21. Kg1 Nxe2+ 22. Bxe2 Nd4 23. Bc4 b5 24. Bd5 Ne6 25. Bb4 Nc5 26. a4 a6 27. axb5 axb5 28. Ra7 g6 29. Ba5 Ne6 30. Rd7 Nf4 31. Bc7 Nxd5 32. exd5 f6 33. b4 Rf7 34. Rxf7 Kxf7 35. Bxd6 Rd8 36. Bc5 Rxd5 37. Kf2 Rd2+ 38. Kf3 Rxb2 39. h4 Ke6 40. g4 Rb3+ 41. Kg2 f5 42. gxf5+ gxf5 43. Kf2 Kd5 0-1

[Event "Zuerich op-B 30th"]
[Site "Zuerich"]
[Date "2006.12.26"]
[Round "5"]
[White "Schweizer, Robert"]
[Black "Hida, Kemail"]
[Result "0-1"]
[WhiteElo "1884"]
[BlackElo "2039"]
[PlyCount "64"]
[EventDate "2006.12.26"]
[EventType "swiss"]
[EventRounds "7"]
[EventCountry "SUI"]
[SourceTitle "CBM 116 Extra"]
[Source "ChessBase"]
[SourceDate "2007.03.07"]
[SourceVersion "1"]
[SourceVersionDate "2007.03.07"]
[SourceQuality "1"]

1. d4 e6 2. c4 Nf6 3. Nf3 d5 4. Nc3 Bb4 5. Qb3 Bxc3+ 6. bxc3 h6 7. cxd5 exd5 8. e3 0-0 9. c4 c6 10. Bd3 Nbd7 11. 0-0 Nb6 12. c5 Nbd7 13. a4 Ne4 14. Bxe4 dxe4 15. Nd2 Qh4 16. f3 exf3 17. Nxf3 Qh5 18. Bb2 Nf6 19. Ne5 Be6 20. Qd3 Rad8 21. Rad1 Rfe8 22. Rf2 Bg4 23. Rxf6 Rxe5 24. Rff1 Bxd1 25. Rxd1 Rxe3 26. Qf1 Rde8 27. d5 cxd5 28. Bd4 Qxd1 29. Qxd1 Re1+ 30. Qxe1 Rxe1+ 31. Kf2 Re4 32. Be3 Rxa4 0-1

[Event "Zuerich Seniors op 4th"]
[Site "Zuerich"]
[Date "2006.02.01"]
[Round "8"]
[White "Schweizer, Robert"]
[Black "Baumgartner, Walter"]
[Result "0-1"]
[WhiteElo "1950"]
[BlackElo "2087"]
[PlyCount "50"]
[EventDate "2006.01.23"]
[EventType "swiss"]
[EventRounds "9"]
[EventCountry "SUI"]
[SourceTitle "EXT 2007"]
[Source "ChessBase"]
[SourceDate "2006.11.23"]
[SourceVersion "1"]
[SourceVersionDate "2006.11.23"]
[SourceQuality "1"]

1. d4 Nf6 2. c4 e6 3. Nc3 Bb4 4. Qc2 c5 5. Nf3 Nc6 6. e3 0-0 7. a3 Bxc3+ 8. bxc3 d6 9. Bd3 e5 10. d5 Ne7 11. h3 Ng6 12. g3 Re8 13. e4 Nh5 14. Be3 Bd7 15. Ng5 Nhf4 16. gxf4 exf4 17. Bxc5 dxc5 18. Nf3 f5 19. Kd2 Nh4 20. Nxh4 Qxh4 21. Raf1 fxe4 22. Bxe4 f3 23. Bd3 Bf5 24. Kc1 Re2 25. Qb1 Qf4+ 0-1

[Event "Zuerich Seniors op 4th"]
[Site "Zuerich"]
[Date "2006.??.??"]
[Round "?"]
[White "Zesiger, Horst"]
[Black "Schweizer, Robert"]
[Result "1-0"]
[WhiteElo "2085"]
[BlackElo "1950"]
[PlyCount "103"]
[EventDate "2006.01.23"]
[EventType "swiss"]
[EventRounds "9"]
[EventCountry "SUI"]
[SourceTitle "EXT 2007"]
[Source "ChessBase"]
[SourceDate "2006.11.23"]
[SourceVersion "1"]
[SourceVersionDate "2006.11.23"]
[SourceQuality "1"]

1. d4 Nf6 2. c4 g6 3. Nc3 d5 4. cxd5 Nxd5 5. Bd2 c6 6. e4 Nb6 7. Be3 Bg7 8. h3 e5 9. Nf3 exd4 10. Bxd4 0-0 11. Be2 N8d7 12. Bxg7 Kxg7 13. 0-0 Nf6 14. Qc2 Qe7 15. Rfe1 Be6 16. Nd4 Rfd8 17. Rad1 Bc4 18. e5 Nfd5 19. Nxd5 Bxd5 20. Bf3 Bxf3 21. Nxf3 Rxd1 22. Rxd1 Rd8 23. Nd4 Rd5 24. Nf3 Qc5 25. Qb3 Qc4 26. Qxc4 Rxd1+ 27. Qf1 Rxf1+ 28. Kxf1 f5 29. Nd4 Kf7 30. f4 a6 31. Nb3 Nd5 32. g3 b6 33. Ke2 c5 34. a4 a5 35. Nd2 Ke6 36. Nc4 Kd7 37. h4 h5 38. Nd6 Kc6 39. Kd2 Nc7 40. Kd3 Nd5 41. Nb5 Kd7 42. Nc3 Ne7 43. Kc4 Kc6 44. Nb5 Kb7 45. Nc3 Kc6 46. b3 Kb7 47. Nd5 Nc6 48. e6 Kc8 49. Nxb6+ Kd8 50. Kxc5 Nb4 51. Kd6 Nd3 52. Nd5 1-0

[Event "Davos op 3rd"]
[Site "Davos"]
[Date "2004.07.31"]
[Round "1"]
[White "Littlewood, Paul E"]
[Black "Schweizer, Robert"]
[Result "1-0"]
[WhiteElo "2396"]
[BlackElo "2004"]
[PlyCount "91"]
[EventDate "2004.07.31"]
[EventType "swiss"]
[EventRounds "9"]
[EventCountry "SUI"]
[SourceTitle "CBM 101 Extra"]
[Source "ChessBase"]
[SourceDate "2004.09.01"]
[SourceVersion "2"]
[SourceVersionDate "2004.09.01"]
[SourceQuality "1"]

1. d4 d5 2. c4 c6 3. Nf3 Nf6 4. e3 g6 5. Nc3 Bg7 6. Bd3 Nbd7 7. cxd5 cxd5 8. Qb3 e6 9. Qa3 Qe7 10. Qxe7+ Kxe7 11. b3 a6 12. Ba3+ Kd8 13. Rc1 Bf8 14. Bxf8 Rxf8 15. Ke2 b5 16. b4 Bb7 17. a4 bxa4 18. Nxa4 Ne4 19. Nc5 Ndxc5 20. dxc5 Bc6 21. Nd4 Kc7 22. f3 Nf6 23. Ra1 Rfb8 24. Rhb1 Bb7 25. Ra5 e5 26. Nc2 e4 27. fxe4 dxe4 28. Bc4 Bd5 29. Bxd5 Nxd5 30. Kd2 Rb5 31. Ra4 a5 32. Rba1 Rd8 33. bxa5 Rxc5 34. Nd4 Nc3 35. Rb4 Nb5 36. a6 Nxd4 37. exd4 Rc6 38. Rb7+ Kd6 39. a7 Rcc8 40. Rxf7 Ke6 41. Rb7 Rxd4+ 42. Ke3 Rdd8 43. Ra6+ Kf5 44. Rb5+ Kg4 45. Ra4 Rc3+ 46. Kxe4 1-0

[Event "Zuerich Seniors op 2nd"]
[Site "Zuerich"]
[Date "2004.??.??"]
[Round "?"]
[White "Schweizer, Robert"]
[Black "Mazzoni, Livio"]
[Result "1/2-1/2"]
[WhiteElo "1945"]
[BlackElo "1950"]
[PlyCount "131"]
[EventDate "2004.01.??"]
[EventType "swiss"]
[EventRounds "9"]
[EventCountry "SUI"]
[SourceTitle "EXT 2010"]
[Source "ChessBase"]
[SourceDate "2010.11.25"]
[SourceVersion "1"]
[SourceVersionDate "2010.11.25"]
[SourceQuality "1"]

1. d4 Nf6 2. c4 g6 3. Nc3 Bg7 4. e4 0-0 5. f4 d6 6. Nf3 Bg4 7. Be2 c5 8. d5 Nfd7 9. 0-0 Bxf3 10. Bxf3 Nb6 11. Qd3 Na6 12. Be3 Nb4 13. Qe2 e6 14. Rad1 exd5 15. cxd5 Re8 16. e5 dxe5 17. Bxc5 exf4 18. Qb5 Nc2 19. Rd2 Ne3 20. Re1 Nbc4 21. Rde2 b6 22. Bxe3 Nxe3 23. d6 Rb8 24. Bc6 Re6 25. d7 Bd4 26. Kh1 Qh4 27. Bf3 g5 28. Qd3 Nf5 29. g3 Nxg3+ 30. Kg2 Nxe2 31. Rxe2 Rxe2+ 32. Qxe2 Kf8 33. Qd2 Bf6 34. Qd6+ Kg7 35. Qxb8 g4 36. Qxf4 gxf3+ 37. Kxf3 Qh5+ 38. Qg4+ Qg6 39. Nb5 Kf8 40. Qb4+ Kg7 41. Qe4 Qh5+ 42. Qg4+ Qg6 43. Nxa7 Bg5 44. Qd4+ Bf6 45. d8Q Qh5+ 46. Ke4 Qe2+ 47. Kf4 Qxh2+ 48. Kf3 Qh1+ 49. Ke2 Qg2+ 50. Kd1 Qf1+ 51. Kc2 Qe2+ 52. Kb3 Qe6+ 53. Kb4 Qe1+ 54. Kb5 Qa5+ 55. Kc6 Bxd4 56. Qxd4+ f6 57. Qxb6 Qxa2 58. Nc8 Qc4+ 59. Kb7 Qe4+ 60. Kb8 Qe5+ 61. Nd6 h5 62. Qc7+ Kg6 63. b4 h4 64. b5 h3 65. Qf7+ Kg5 66. Qc7 1/2-1/2

[Event "Weggis Seniors op"]
[Site "Weggis"]
[Date "2004.??.??"]
[Round "?"]
[White "Vollmer, Stefan"]
[Black "Schweizer, Robert"]
[Result "1-0"]
[WhiteElo "1995"]
[BlackElo "1965"]
[PlyCount "73"]
[EventDate "2004.??.??"]
[EventType "swiss"]
[EventRounds "9"]
[EventCountry "SUI"]
[SourceTitle "EXT 2010"]
[Source "ChessBase"]
[SourceDate "2010.11.25"]
[SourceVersion "1"]
[SourceVersionDate "2010.11.25"]
[SourceQuality "1"]

1. e4 c5 2. Nf3 Nc6 3. d4 cxd4 4. Nxd4 Qb6 5. Nb3 Nf6 6. Nc3 e6 7. Be3 Qc7 8. a3 a6 9. Be2 b5 10. f3 Bb7 11. 0-0 d6 12. Qd2 Ne5 13. Rfd1 Nc4 14. Bxc4 bxc4 15. Nd4 Be7 16. a4 0-0 17. a5 d5 18. exd5 Nxd5 19. Bf2 Bb4 20. Nxd5 Bxd5 21. Qxb4 Rab8 22. Qc3 Qe7 23. Ne2 Rb5 24. Bb6 e5 25. Qa3 Qg5 26. Qe3 Qxe3+ 27. Bxe3 Be6 28. Bc1 f5 29. Rd6 Kf7 30. f4 e4 31. Rxe6 Kxe6 32. Nd4+ Kd5 33. Nxb5 axb5 34. Be3 g5 35. g3 gxf4 36. gxf4 b4 37. a6 1-0

[Event "Zuerich op-B 27th"]
[Site "Zuerich"]
[Date "2003.12.29"]
[Round "6"]
[White "Schweizer, Robert"]
[Black "Zenkic, Mensur"]
[Result "0-1"]
[WhiteElo "2005"]
[BlackElo "2094"]
[PlyCount "74"]
[EventDate "2003.12.26"]
[EventType "swiss"]
[EventRounds "7"]
[EventCountry "SUI"]
[SourceTitle "EXT 2005"]
[Source "ChessBase"]
[SourceDate "2004.11.15"]
[SourceVersion "1"]
[SourceVersionDate "2004.11.15"]
[SourceQuality "1"]

1. d4 Nf6 2. c4 e5 3. dxe5 Ng4 4. Nf3 Bc5 5. e3 Nc6 6. Be2 Ngxe5 7. 0-0 0-0 8. Nc3 Re8 9. Qc2 a5 10. b3 Bf8 11. Bb2 d6 12. Rad1 Nxf3+ 13. Bxf3 Ne5 14. Qe2 Qh4 15. Rd4 Qf6 16. Nd5 Qd8 17. Rfd1 c6 18. Nc3 f5 19. e4 f4 20. c5 Qg5 21. cxd6 Nxf3+ 22. Qxf3 Bg4 23. Qd3 Bxd1 24. d7 f3 25. g3 Red8 26. Qxd1 Bc5 27. Rd3 Rf8 28. e5 Be7 29. Ne4 Qg4 30. Nd2 Rad8 31. Nxf3 Rf7 32. Kg2 Bc5 33. h3 Qe6 34. Ng5 Rxf2+ 35. Kh1 Qf5 36. Rf3 Rxf3 37. Qxf3 Qb1+ 0-1

[Event "Winterthur op"]
[Site "Winterthur"]
[Date "2003.10.04"]
[Round "2"]
[White "Gheorghiu, Florin"]
[Black "Schweizer, Robert"]
[Result "1-0"]
[WhiteElo "2431"]
[BlackElo "2000"]
[PlyCount "40"]
[EventDate "2003.10.03"]
[EventType "swiss"]
[EventRounds "9"]
[EventCountry "SUI"]
[SourceTitle "CBM 096 Extra"]
[Source "ChessBase"]
[SourceDate "2003.10.22"]
[SourceVersion "2"]
[SourceVersionDate "2003.10.20"]
[SourceQuality "1"]

1. d4 Nf6 2. Nf3 e6 3. c4 b6 4. g3 Bb7 5. Bg2 d5 6. cxd5 exd5 7. 0-0 Nbd7 8. Nc3 Be7 9. Ne5 0-0 10. Qa4 Nxe5 11. dxe5 Nd7 12. Nxd5 Nc5 13. Qd1 c6 14. Nc3 Qc7 15. f4 Rad8 16. Qc2 Ne6 17. Be3 Nd4 18. Bxd4 Rxd4 19. Nb5 Qd7 20. Nxd4 Qxd4+ 1-0

[Event "Zuerich Lake Plaza op 3rd"]
[Site "Pfaeffikon"]
[Date "2003.06.06"]
[Round "1"]
[White "Schweizer, Robert"]
[Black "Mitkov, Nikola"]
[Result "0-1"]
[WhiteElo "2005"]
[BlackElo "2546"]
[PlyCount "122"]
[EventDate "2003.06.06"]
[EventType "swiss"]
[EventRounds "7"]
[EventCountry "SUI"]
[SourceTitle "CBM 094 Extra"]
[Source "ChessBase"]
[SourceDate "2003.07.09"]
[SourceVersion "2"]
[SourceVersionDate "2003.07.09"]
[SourceQuality "1"]

1. d4 Nf6 2. c4 e6 3. a3 d5 4. Nc3 c6 5. e3 Nbd7 6. Nf3 Bd6 7. Bd3 0-0 8. 0-0 dxc4 9. Bxc4 e5 10. dxe5 Nxe5 11. Be2 Nxf3+ 12. Bxf3 Qc7 13. g3 Bh3 14. Re1 Rad8 15. Qc2 Nd7 16. Ne4 Ne5 17. Bg2 Bxg2 18. Kxg2 Be7 19. b4 f5 20. Nc5 Bxc5 21. Qxc5 Nd3 22. Qc4+ Kh8 23. Re2 Qe5 24. Rb1 b5 25. Qa2 c5 26. bxc5 Qxc5 27. Bb2 Rde8 28. Rd2 Qc6+ 29. Kg1 Ne5 30. Bxe5 Rxe5 31. Rbd1 h6 32. Qb2 Rfe8 33. Rd8 Rxd8 34. Rxd8+ Re8 35. Rd4 Rc8 36. Qb4 a6 37. Rd6 Qb7 38. Qb2 Kh7 39. Qd2 Rc5 40. h3 a5 41. g4 b4 42. axb4 axb4 43. gxf5 Qf3 44. Rd4 b3 45. f6 Rg5+ 46. Rg4 Rxg4+ 47. hxg4 Qxg4+ 48. Kf1 Qc4+ 49. Ke1 gxf6 50. Qd7+ Kg6 51. Qe8+ Kg5 52. f4+ Kg4 53. Qg6+ Kf3 54. Qh5+ Kxe3 55. Qh3+ Ke4 56. Qxh6 Qc1+ 57. Ke2 Qe3+ 58. Kd1 Qf3+ 59. Ke1 Qg3+ 60. Ke2 Qg2+ 61. Ke1 Kd3 0-1

[Event "Winterthur op2"]
[Site "Winterthur"]
[Date "2002.10.12"]
[Round "2"]
[White "Schweizer, Robert"]
[Black "Gheorghiu, Florin"]
[Result "0-1"]
[WhiteElo "2014"]
[BlackElo "2443"]
[PlyCount "56"]
[EventDate "2002.10.11"]
[EventType "swiss"]
[EventRounds "9"]
[EventCountry "SUI"]
[SourceTitle "EXT 2004"]
[Source "ChessBase"]
[SourceDate "2003.11.25"]
[SourceVersion "1"]
[SourceVersionDate "2003.11.25"]
[SourceQuality "1"]

1. d4 Nf6 2. c4 c5 3. d5 g6 4. Nc3 d6 5. e4 Bg7 6. Bg5 0-0 7. Qd2 e6 8. dxe6 Bxe6 9. Bd3 Nc6 10. Nd5 Bxd5 11. cxd5 Ne5 12. Ne2 Qb6 13. 0-0 Nxd3 14. Qxd3 Qxb2 15. Ng3 Qb6 16. Rab1 Qc7 17. Rfe1 Nd7 18. Bd2 a6 19. a4 c4 20. Qc2 Rab8 21. a5 c3 22. Ne2 Rfc8 23. Bf4 Ne5 24. Ra1 b5 25. axb6 Rxb6 26. Reb1 Rb2 27. Rxb2 cxb2 28. Qxb2 Nf3+ 0-1